Ľudia a dejiny - historická biografia a jej miesto v historiografii zborník príspevkov z vedeckej konferencie Ľudia a dejiny - historická biografia a jej miesto v historiografii, konanej dňa 11. septembra 2015 v Košiciach

Bibliographic Details
Corporate Author: Ľudia a dejiny - historická biografia a jej miesto v historiografii Košice, Slovensko
Other Authors: Šutaj, Štefan, 1954- (Compiler)
Format: Conference Proceeding Book
Language:Slovak
PhysicalDescription:135 s. fotogr., mp., tab. 24 cm
Published: Košice Univerzita Pavla Jozefa Šafárika 2016
ISBN:9788081524271
Edition:1. vyd.
Subjects:

MARC

LEADER 00000nam a2200000 a 4500
001 vtls011600583
003 SK-MaSNL
005 20260301042214.0
008 220509s2016 xo oab f bn 100 0 slo
015 |a SNBA2017/01 
015 |a SNBSAB2016 
020 |a 9788081524271  |q (brož.) 
035 |a urn:nbn:sk:snk-am00gjqv 
035 |a urn:nbn:sk:snk-am3j4wg 
035 |a E2902370-FC65-4575-B2D7-209E1A96F49E 
040 |a SNK  |b slo  |c SNK  |e AACR2 
041 0 |a slo  |b eng 
044 |a xo  |c SK 
072 7 |a 930  |x Historická veda. Pomocné vedy historické. Archívnictvo  |2 konspekt 
072 7 |a 929  |x Biografie  |2 konspekt 
080 |a 930  |2 2011 
080 |a 930.2:001.891  |2 2011 
080 |a 303.422  |2 2011 
080 |a (062.534)  |2 2011 
080 |a 012  |2 2011 
080 |a 929:001  |2 2011 
080 |a 929  |2 2011 
111 2 |a Ľudia a dejiny - historická biografia a jej miesto v historiografii  |d (2015 :  |c Košice, Slovensko)  |9 345085 
245 1 0 |a Ľudia a dejiny - historická biografia a jej miesto v historiografii  |b zborník príspevkov z vedeckej konferencie Ľudia a dejiny - historická biografia a jej miesto v historiografii, konanej dňa 11. septembra 2015 v Košiciach  |c Štefan Šutaj (ed.) 
250 |a 1. vyd. 
260 |a Košice  |b Univerzita Pavla Jozefa Šafárika  |c 2016 
300 |a 135 s.  |b fotogr., mp., tab.  |c 24 cm 
504 |a Bibliogr. ; bibliogr. odkazy ; pozn. ; výber. person. bibliogr. Ladislava Tajtáka na s. 12-17 obsahuje 94 zázn. monogr., publ. v čas., zborníkoch 
546 |a Res. angl. 
650 0 7 |a historiografia  |2 SNKPH  |9 3848 
650 0 7 |a Historiography  |2 SNKPHeng  |9 266534 
650 0 7 |a Historical research  |2 SNKPHeng  |9 345086 
650 0 7 |a historický výskum  |2 SNKPH  |9 28940 
650 0 7 |a biografické metódy  |2 SNKPH  |9 171857 
650 0 7 |a Biographical method  |2 SNKPHeng  |9 345087 
650 0 7 |a osobnosti  |2 SNKPH  |9 29820 
650 0 7 |a biografistika  |2 SNKPH  |9 74588 
650 0 7 |a Celebrities  |2 SNKPHeng  |9 265203 
655 7 |a zborníky konferencií  |2 SNKPH  |9 70153 
655 7 |a Proceedings of conferences  |2 SNKPHeng  |9 265791 
655 7 |a personálne bibliografie  |2 SNKPH  |9 70198 
655 7 |a Personal bibliography  |2 SNKPHeng  |9 300650 
700 1 |a Šutaj, Štefan,  |d 1954-  |4 com  |9 102539 
919 |a 978-80-8152-427-1 
958 |a NB 
958 |a PB 
999 |c 590423  |d 592353 
952 |a SNK  |b SNK  |y PREZ  |7 0  |p 17A1250116  |o snkSC 172304  |i snk2016/28979  |8 0  |0 0  |1 0  |4 0  |d 2016-12-19  |f 1  |l 0  |r 2025-09-10 00:00:00  |w 2026-02-23 
952 |a SNK  |b SNK  |y VYP  |7 0  |p 17A1252982  |o snkSC 172304 D1  |i snk2017/3977  |8 0  |0 0  |1 0  |4 0  |d 2017-02-13  |l 0  |r 2026-02-23 15:22:29  |w 2026-02-23